| 000 | 00878cad a22002175a 4500 | ||
|---|---|---|---|
| 001 | E152380 | ||
| 008 | 110228e20110222xxka f s000 0 eng d | ||
| 035 | _a(Sirsi) u152380 | ||
| 041 | 0 | _aeng | |
| 100 | 1 | _aEdwards, Tom | |
| 245 | 0 | 4 |
_aThe Wildlife and Natural Environment (Scotland) Bill _bstage 3 _h[electronic resource] |
| 260 |
_aEdinburgh _bScottish Parliament _c2010 |
||
| 490 | 0 |
_aSPICe Briefing _v(11/16) 22 February 2011 |
|
| 520 | _aPrior to the stage 3 hearing on 2 March 2011, this briefing sets out the main amendments agreed during stage 2. | ||
| 521 | _aAdvanced | ||
| 590 | _aKA | ||
| 651 | 4 |
_aScotland _y1999- |
|
| 690 | _aENVIRONMENTAL AND LAND CONSULTANCY-ENVIRONMENTAL MANAGEMENT | ||
| 856 | 4 | 0 |
_uhttps://www.scottish.parliament.uk/business/research/briefings-11/SB11-16.pdf _zView the briefing free of charge at www.scottish.parliament.uk |
| 942 | _n0 | ||
| 999 |
_c112028 _d112028 |
||